=LDR 00000nam 2200000 4500 =001 INLIS000000000026195 =005 20130612124642 =008 ***********************************ind** =035 ##$$0010-061300000026195 =041 ##$$a ind =082 ##$$a 535 =090 ##$$a 535, WIR o =100 ##$$a Wirodikromo, Sartono =245 ##$$a Optik Cahaya, Pendalaman materi dan panduan menghadapi EBTANAS UMPTN, Sartono Wirodikromo =250 ##$$a Seri Fisika untuk SMA =260 ##$$a 1990 $b Jakarta =300 ##$$a 158 hlm., ilus., 21 cm =650 ##$$a Fisika =650 ##$$a Optik Cahaya =850 ##$$a NBPNMAT